Score 0/40 Timer 08:00
2 Plays Today
% Correct
grandson
91.4%
groan
91.2%
green
91.1%
gown
90.8%
generation
90.1%
garden
90%
gentleman
89.9%
gin
89.9%
grin
89.8%
guardian
89.8%
gallon
89%
groin
87.6%
gargantuan
87.1%
gluten
86.7%
govern
86.7%
gazillion
86.4%
grain
86.3%
glisten
85.5%
glutton
85.2%
golden
85.1%
% Correct
goon
85%
gherkin
84%
goblin
83.5%
gelatin
82.5%
griffin
81%
gibbon
80.3%
garrison
79.3%
gumption
79.2%
godforsaken
78.4%
garçon
78.1%
gammon
76.9%
galleon
76.3%
gridiron
76.1%
glean
75.3%
gustation
74.2%
gorgon
70.7%
ganglion
70%
gamelan
56.1%
grunion
52.8%
gamin
43.9%
Remove Ads.
Support Sporcle.
Get the best of Sporcle when you Go Orange. This ad-free experience offers more features, more stats, and more fun while also helping to support Sporcle. Thank you for becoming a member.

You're not logged in!

Compare scores with friends on all Sporcle quizzes.
OR
Log In

Show Comments

Extras

Top Quizzes Today


Score Distribution

Your Account Isn't Verified!

In order to create a playlist on Sporcle, you need to verify the email address you used during registration. Go to your Sporcle Settings to finish the process.

Report this User

Report this user for behavior that violates our Community Guidelines.

Details: